Implementación de Interfaz para pruebas estructurales en microprocesadores
Na minha lista:
| Autor principal: | |
|---|---|
| Formato: | Livro |
| Publicado em: |
[San José, Costa Rica]
2004
|
| Assuntos: | |
| Tags: |
Adicionar Tag
Sem tags, seja o primeiro a adicionar uma tag!
|
MARC
| LEADER | 00000nam a2200000Ia 4500 | ||
|---|---|---|---|
| 003 | 009393 | ||
| 005 | 20221231144136.0 | ||
| 008 | 140114s2004 cr a m 000 ||s d | ||
| 040 | |c cru CEDI | ||
| 090 | |a TFG 4933 | ||
| 100 | |a Alvarado Rodríguez, Melvin J |9 6333 | ||
| 245 | |a Implementación de Interfaz para pruebas estructurales en microprocesadores | ||
| 260 | |c 2004 |a [San José, Costa Rica] | ||
| 300 | |a xi, 86 hojas : ilustraciones | ||
| 500 | |a Proyecto de graduación (bachillerato en ingeniería eléctrica)--Universidad de Costa Rica. Facultad de Ingeniería. Escuela de Ingeniería Eléctrica | ||
| 650 | |x ELECTRONICA DIGITAL |x MICROPROCESADORES |x PRUEBAS |9 6335 | ||
| 942 | |c TFG | ||
| 999 | |c 17486 |d 17486 | ||
